000 00262nam a2200097Ia 4500
001 1300558
005 20260420095906.0
008 260420s9999 xx 000 0 und d
245 0 _aÜÇ BOĞAZ BARAJININ İNŞASI
_cPATRİCİA KİTE
260 _bTÜBİTAK YAYINLARI
999 _c1300558
_d1300558